Quiz - Vainqueur Globe de Cristal de ski alpin depuis 2010 - Statistiques

Statistiques générales
  • Ce quiz a été pris 136 fois
  • Le résultat moyen est 13 sur 15
Statistiques - réponses
Années Skieur % Correct
2021🇫🇷 Alexis Pinturault
96%
2022🇨🇭 Marco Odermatt
96%
2023🇨🇭 Marco Odermatt
96%
2024🇨🇭 Marco Odermatt
96%
2012🇦🇹 Marcel Hirscher
94%
2013🇦🇹 Marcel Hirscher
94%
2014🇦🇹 Marcel Hirscher
94%
2015🇦🇹 Marcel Hirscher
94%
2016🇦🇹 Marcel Hirscher
94%
2017🇦🇹 Marcel Hirscher
94%
2018🇦🇹 Marcel Hirscher
94%
2019🇦🇹 Marcel Hirscher
94%
2020🇳🇴 Aleksander Kilde
68%
2010🇨🇭 Carlo Janka
41%
2011🇭🇷 Ivica Kostelić
38%
Aucun quiz correspondant
Distribution des résultats
% des personnes avec chaque résultat
Percentile par nombre de réponses
Votre historique - résultats
Vous n’avez pas pris ce quiz